000 01919nam a22003257a 4500
003 OSt
005 20250421161305.0
008 200204s2017 ck ||||er|||| 00| f spa d
020 _a9789584253514
040 _aCO-JMCR
_cCO-JMCR
041 1 _aspa
_heng
082 _aA-N
_bPUZb
100 1 _aPuzo, Mario,
_eautor
_9168
245 1 4 _aLos Borgia :
_bla primera gran familia del crimen /
_cMario Puzo en colaboración con Carol Gino
250 _aPrimera edición
260 _aBogota :
_bEmecé,
_c2017
300 _a468 páginas ;
_c19 cm.
490 0 _aGrandes éxitos
490 0 _aGrandes novelistas
500 _aIncluye datos biográficos del autor en contraportada.
500 _aTítulo original: The family.
520 _aMientras la implacable peste negra asolaba Europa, una nueva cultura empezaba a florecer en las ciudades y el estudio de las grandes civilizaciones clásicas iniciaba una época de esplendor para las artes, las letras y las ciencias. En Roma, la restauración de un único trono papal auguraba una nueva etapa de poder y fausto del papado, pero al mismo tiempo la corrupción amenazaba a la iglesia. Altos mandatarios eclesiásticos visitaban los burdeles y mantenían a varios amantes, aceptaban sobornos y comercializaban con las bulas papales que perdonaban los pecados más atroces. Así era la vida en el renacimiento. Así era el mundo de Alejandro VI, el Papa Borgia, y de sus hijos César, Juan, Lucrecia y Jofre. Esta es su historia, el retrato fascinante de una familia cuya ambición y sed de poder la llevaría a la cima del mundo, la crónica del alto precio que pagaron por ello.
546 _aTraducido del inglés
650 1 4 _aNovela estadounidense
_9169
650 1 4 _aFamilia Borgia
_xficción
_9190
650 1 4 _aItalia
_xhistoria ficción 1492-1559
_9170
650 1 4 _aNobleza
_xficción
_9169
700 _aGino, Carol,
_eautora
_9171
942 _2ddc
_cBK
999 _c6432
_d6432